| 000 | 02358cam a22004577a 4500 | ||
|---|---|---|---|
| 003 | CHAP | ||
| 005 | 20220329133344.0 | ||
| 008 | 971013s1991 r 00010 d | ||
| 010 | _a5371 | ||
| 011 | _a6343 | ||
| 035 | _a5563 | ||
| 040 | _cCHAP | ||
| 082 |
_a312.0972 _bM49c 1990 Gto. |
||
| 110 |
_aInstituto Nacional de Estadística, Geografía e Informática. México _959304 |
||
| 245 | 0 | _aCenso general de población y vivienda (11o.) 1990: Guanajuato : resultados definitivos | |
| 260 |
_aAguascalientes, Ags. : _bEl Instituto, _c1991 - 19 . |
||
| 300 | _av. | ||
| 500 | _aLa biblioteca tiene: v.1-2 Resultados definitivos -- v.3 Integración territorial -- v.4 Datos por AGEB urbana -- v.5 Datos por AGEB urbana (50 mapas) -- v.6 Perfil sociodemográfico -- v.7 Síntesis de resultados | ||
| 590 |
_aBATCH-UPD _b10 _c20130110 _lUCH01 _h2123 |
||
| 590 |
_aBATCH-UPD _b10 _c20130410 _lUCH01 _h1432 |
||
| 590 |
_aBATCH-UPD _b10 _c20130914 _lUCH01 _h1822 |
||
| 590 |
_aCONVERSION _b10 _c20130109 _lUCH01 _h1304 |
||
| 650 | 1 | 4 |
_aMéxico _xCensos (1990) _976661 |
| 650 | 1 | 4 |
_aPoblación _xEstadísticas _zGuanajuato. _989380 |
| 650 | 1 | 4 |
_aVivienda _xGuanajuato. _9120129 |
| 901 | _aBK | ||
| 942 | _cLIBRO | ||
| 949 |
_a312.0972 M49c 1990 Gto. _bBC _cC _d33724000486296 _eC _fv.6 _h84789 _i5563 _si |
||
| 949 |
_a312.0972 M49c 1990 Gto. _bBC _cC _d33724000504775 _eC _fv.7 _h88870 _i5563 _si |
||
| 949 |
_a312.0972 M49c 1990 Gto. _bBC _cC _d33724000505186 _eC _fv.2 _h81907 _i5563 _si |
||
| 949 |
_a312.0972 M49c 1990 Gto. _bBC _cC _d33724000505194 _eC _fv.1 c.2 _h81909 _i5563 _si |
||
| 949 |
_a312.0972 M49c 1990 Gto. _bBC _cC _d33724000505483 _eC _fv.3 _h81908 _i5563 _si |
||
| 949 |
_a312.0972 M49c 1990 Gto. _bBC _cC _d33724000505764 _eC _fv.3 c.2 _h84789 _i5563 _si |
||
| 949 |
_a312.0972 M49c 1990 Gto. _bBC _cC _d33724000535589 _eC _fv.4 c.2 _h84685 _i5563 _si |
||
| 949 |
_a312.0972 M49c 1990 Gto. _bBC _cC _d33724000535852 _eC _fv.6 c.2 _h84790 _i5563 _si |
||
| 949 |
_a312.0972 M49c 1990 Gto. _bBC _cC _d33724000535886 _eC _fv.4 _h84683 _i5563 _si |
||
| 949 |
_a312.0972 M49c 1990 Gto. _bBC _cC _d33724000536421 _eC _fv.1 _h81906 _i5563 _si |
||
| 949 |
_a312.0972 M49c 1990 Gto. _bBC _cC _d33724000536439 _eC _fv.2 c.2 _h81910 _i5563 _si |
||
| 949 |
_a312.0972 M49c 1990 Gto. _bBC _cESP _d-75382 _eESP _fv.5 mapas _h84684 _i5563 _si |
||
| 949 |
_a312.0972 M49c 1990 Gto. _bBC _cESP _d-75729 _eESP _fv.5 c.2 mapas _h81906 _i5563 _si |
||
| 999 |
_c5371 _d5371 |
||